| 000 | 00704nam a2200217Ia 4500 | ||
|---|---|---|---|
| 001 | 17202 | ||
| 003 | GE_BSU | ||
| 008 | 181216s||||||||xx |||||||||||||| ||und|| | ||
| 040 | _cGE_BSU | ||
| 080 | _a82-93:821-3 | ||
| 245 | _aსკოლასა და ოჯახში | ||
| 245 | _bმოთხრობები | ||
| 245 | _cმთარგმნ.: ა. თევზაია, ნ. ჩირაძე და სხვა | ||
| 260 | _aთბილისი | ||
| 260 | _bსაბლიტგამი | ||
| 260 | _c1954 | ||
| 300 | _a185გვ. : ილ. ; 20სმ. | ||
| 653 | _aმოთხრობები | ||
| 653 | _aსკოლასა და ოჯახში | ||
| 942 | _cBK | ||
| 999 |
_c50264 _d50264 |
||